000 00580nam a2200229Ia 4500
003 OSt
005 20221007071218.0
006 a|||||r|||| 00| 0
007 ta
008 221006b |||||||| |||| 00| 0 eng d
024 _a13,764
037 _cTextual
040 _aFLL
_cFLL
_beng
041 _2eng
_aeng
082 _aW:28, L9
100 _aKamenka Eugene Ed.
245 0 _aBureaucracy
260 _aLondon
_bArnold Heinemann London
_c1979
300 _aix,165p
_ccm.
942 _hW:28, L9
_cTEXL
_2CC
999 _c1142781
_d1142781